Eastern Utah Libraries Catalog: Duchesne, Heber, Roosevelt, & Vernal

Barefoot (Record no. 283948)

MARC details
000 -LEADER
fixed length control field 00580ngm a22001935 4500
005 - DATE AND TIME OF LATEST TRANSACTION
control field 20200320192505.0
007 - PHYSICAL DESCRIPTION FIXED FIELD--GENERAL INFORMATION
fixed length control field vd ugaizu
008 - FIXED-LENGTH DATA ELEMENTS--GENERAL INFORMATION
fixed length control field 140326s2014 xx --- vueng d
020 ## - INTERNATIONAL STANDARD BOOK NUMBER
International Standard Book Number 9786315389375 : DVD
020 ## - INTERNATIONAL STANDARD BOOK NUMBER
International Standard Book Number 6315389376 : DVD
024 7# - OTHER STANDARD IDENTIFIER
Standard number or code 00031398193166
024 1# - OTHER STANDARD IDENTIFIER
Standard number or code 031398193166
100 ## - MAIN ENTRY--PERSONAL NAME
Personal name Wood, Evan Rachel.
9 (RLIN) 5889367
245 00 - TITLE STATEMENT
Title Barefoot
Medium [videorecording].
260 ## - PUBLICATION, DISTRIBUTION, ETC. (IMPRINT)
Name of publisher, distributor, etc Lions Gate.
942 ## - ADDED ENTRY ELEMENTS (KOHA)
Koha item type DVD
948 ## - LOCAL PROCESSING INFORMATION (OCLC); SERIES PART DESIGNATOR (RLIN)
Series part designator, SPT (RLIN) 06/17/2014
z (OCLC) Sirsi
996 ## -
-- 110057
-- 34301001296617
-- DVD
-- DVD
-- wcl
-- i
-- 29
-- 15.95
-- micro
-- Bar
-- 06/17/2014
-- 06/17/2019
-- 06/10/2019
Holdings
Withdrawn status Lost status Source of classification or shelving scheme Damaged status Not for loan Collection code Home library Current library Shelving location Date acquired Source of acquisition Cost, normal purchase price Total Checkouts Total Renewals Full call number Barcode Date last seen Date checked out Cost, replacement price Price effective from Koha item type
    Dewey Decimal Classification     Movies Wasatch County Library Wasatch County Library Audio Visual Area 06/17/2014   15.95 34 1 DVD Bar 34301001296617 01/20/2026 01/15/2026 15.95 03/20/2020 DVD
This project was made possible through a grant from the Institute of Museum and Library Service administered by the Utah State Library Division.

Wasatch County Library

  • 465 East 1200 South, Heber City, Utah 84032
  • Phone 435-654-1511 | Fax 435-654-6456

Hours

  • Monday - Friday 9:30 AM - 8:00 PM
  • Saturday 9:30 AM - 1:30 PM
  • Closed Sundays and Holidays